...

NIRU LIBRARY

Israeli statecraft : (Record no. 201)

MARC details
000 -LEADER
fixed length control field 00817cam a22002654a 4500
003 - CONTROL NUMBER IDENTIFIER
control field OSt
005 - DATE AND TIME OF LATEST TRANSACTION
control field 20230623105950.0
008 - FIXED-LENGTH DATA ELEMENTS--GENERAL INFORMATION
fixed length control field 101229s2011 enk 000 0 eng
020 ## - INTERNATIONAL STANDARD BOOK NUMBER
International Standard Book Number 9780415832311
040 ## - CATALOGING SOURCE
Transcribing agency NIRUC
050 00 - LIBRARY OF CONGRESS CALL NUMBER
Classification number UA 853
Item number .I8D76
100 1# - MAIN ENTRY--PERSONAL NAME
Personal name Dror, Yehezkel
245 10 - TITLE STATEMENT
Title Israeli statecraft :
Remainder of title national security challenges and responses /
Statement of responsibility, etc. Yehezkel Dror
260 ## - PUBLICATION, DISTRIBUTION, ETC.
Place of publication, distribution, etc. New York
Name of publisher, distributor, etc. Routledge
Date of publication, distribution, etc. 2011
300 ## - PHYSICAL DESCRIPTION
Extent x, 246 p.
Dimensions 24 cm.
650 #0 - SUBJECT ADDED ENTRY--TOPICAL TERM
Topical term or geographic name entry element National security
Geographic subdivision Israel
650 #0 - SUBJECT ADDED ENTRY--TOPICAL TERM
Topical term or geographic name entry element Political culture
Geographic subdivision Israel
650 #7 - SUBJECT ADDED ENTRY--TOPICAL TERM
Topical term or geographic name entry element History / Middle East / General
650 #7 - SUBJECT ADDED ENTRY--TOPICAL TERM
Topical term or geographic name entry element History / Military / Strategy
651 #0 - SUBJECT ADDED ENTRY--GEOGRAPHIC NAME
Geographic name Israel
General subdivision Strategic aspects
651 #0 - SUBJECT ADDED ENTRY--GEOGRAPHIC NAME
Geographic name Israel
General subdivision Military policy
651 #0 - SUBJECT ADDED ENTRY--GEOGRAPHIC NAME
Geographic name Israel
General subdivision Foreign relations
651 #0 - SUBJECT ADDED ENTRY--GEOGRAPHIC NAME
Geographic name Israel
General subdivision Politics and government
942 ## - ADDED ENTRY ELEMENTS (KOHA)
Source of classification or shelving scheme Library of Congress Classification
Koha item type Books
Suppress in OPAC No
Holdings
Withdrawn status Lost status Source of classification or shelving scheme Damaged status Not for loan Home library Current library Shelving location Date acquired Total checkouts Full call number Barcode Date last seen Date last checked out Price effective from Koha item type
    Library of Congress Classification     NIRU LIBRARY NIRU LIBRARY On display 06/23/2023 1 UA853 .I8D76 2023-0433 09/22/2025 08/25/2025 06/23/2023 Books
    Library of Congress Classification     NIRU LIBRARY NIRU LIBRARY On display 06/26/2023   UA853 .I8D76 2023-0507 06/26/2023   06/23/2023 Books
Copyright © 2025&6. National Intelligence and Research University. All Rights Reserved.